Chansons de K-pop par images - Boy groups 3ème génération - Statistiques

Statistiques générales
  • Ce quiz a été pris 82 fois
  • Le résultat moyen est 8 sur 15
Statistiques - réponses
Par images Réponse % Correct
EXO - Love Shot
91%
BTS - Mic Drop (Steve Aoki remix)
75%
EXO - Monster
75%
BTS - Dope
66%
Seventeen - Very Nice
63%
BTS - Blood Sweat & Tears
62%
EXO - Call Me Baby
60%
BTS - Not Today
56%
Seventeen - Don't Wanna Cry
53%
iKon - Love Scenario
50%
Wanna One - Energetic
44%
Winner - Really Really
44%
Pentagon - Shine
43%
EXO - Power
26%
NCT 127 - Superhuman
22%
Aucun quiz correspondant
Distribution des résultats
% des personnes avec chaque résultat
Percentile par nombre de réponses
Votre historique - résultats
Vous n’avez pas pris ce quiz